01437cam a22004094a 45000010009000000050017000090080041000260200027000670200030000940200027001240200030001510200030001810200033002110200030002440200033002740400085003070820019003922450146004112600068005573000013006256500013006386500013006516500020006646500020006846500017007046500017007216500014007386500014007526500020007666500020007866500017008066500017008237000028008407000032008688560059009008560068009591400469420231205003944.0050616s2005 ii b 001 0 eng  a0761934022 (US : hbk.) a9780761934028 (US : hbk.) a0761934030 (US : pbk.) a9780761934035 (US : pbk.) a8178295539 (India : hbk.) a9788178295534 (India : hbk.) a8178295547 (India : pbk.) a9788178295541 (India : pbk.) aDLCcDLCdOCLCQdBWKUKdBAKERdUKMdCOOdCLUdBTCTAdYDXCPdPULdYUSdOCLCQdDLC00a305.42/09522200aSexuality, gender and rights :bexploring theory and practice in South and Southeast Asia /cGeetanjali Misra, Radhika Chandiramani, editors. aNew Delhi ;aThousand Oaks, Calif. :bSage Publications,c2005. a313 p. ; 0aSex role 0aSex role 0aGender identity 0aGender identity 0aHuman rights 0aHuman rights12aSexuality12aSexuality22aGender Identity22aGender Identity22aHuman Rights22aHuman Rights1 aMisra, Geetanjali,eedt1 aChandiramani, Radhika,eedt41uhttp://www.loc.gov/catdir/toc/ecip0515/2005017292.html42uhttp://www.loc.gov/catdir/enhancements/fy0734/2005017292-d.html